Chirigotas ganadoras del Siglo XXI (COAC) - Estadísticas

Estadísticas generales
  • Esta prueba ha sido intentada 21 veces
  • La puntuación promedio es 7 de 24
Estadísticas de respuestas
COAC CHIRIGOTAS % Correcto
2016 Si me pongo pesao, me lo dices
67%
2004 Lo que diga mi mujer
58%
2012 Los puretas del Caribe
58%
2017 Los del planeta rojo, pero rojo rojo
50%
2020 Los Cádizfornia
33%
2013 Los de gris
33%
2005 Los que salimos por gusto
33%
2002 Ojú, ya saltó el levante
33%
2011 Ricas y Maduras
33%
2025 Comparsa: Los calaíta (fuimos a por tabaco)
25%
2014 Esto sí que es una chirigota
25%
2019 La maldición de la lapa negra
25%
2006 Los aguafiestas
25%
2007 Los Juan Palómez yo te lo guiso y tu me lo comes
25%
2010 Los que van por derecho
25%
2001 Tampax goyescas, comparsa fina y segura
25%
2022 La misión: el evangelio según Santander
17%
2008 Los Pito-Risas
17%
2015 Los superpop (chirigota ochentera)
17%
2009 Salón de belleza "El Tijerita"
17%
2024 Te he dicho 1748654 veces que no soy exagerao (Los exageraos)
17%
2023 Amoscuchá: chirigota callejera
8%
2003 Ay que malito estoy y lo poco que me quejo
0%
2018 No tenemos el Congo pa´ farolillos
0%
No se encontraron pruebas coincidentes
Distribución de puntuación
Porcentaje de gente con cada puntuación
Porcentaje por número respondido
Historial de tus puntuaciones
No has intentado esta prueba.